000 00511nam a22001817a 4500
005 20251108164042.0
008 250721s1982 xx 000 0 ara d
082 1 4 _a150/ماك
100 1 _aماك بين، وليم ن.
245 1 0 _aعلم النفس يعرفك بنفسك /
250 _aط2
264 1 _aالقاهرة :
_bدار نهضة مصر،
_c1982.
300 _a20ص
650 1 7 _aعلم النفس
700 1 _aفراج، عثمان لبيب
_eترجمة
942 _2ddc
_cBK
999 _c2419
_d2419